| 000 | 00648nam a2200181 a 4500 | ||
|---|---|---|---|
| 001 | 000041945 | ||
| 005 | 20201002035839.0 | ||
| 008 | 131023s1974 sp 000 0 spa d | ||
| 020 | _a8400039890 | ||
| 040 |
_aDO-SdBNP _bspa _cBNPHU |
||
| 100 | 1 |
_aLópez Facal, Javier _927873 |
|
| 245 | 1 | 4 |
_aLos usos adverbales del acusativo, dativo y genitivo en la lengua de Heródoto / _cJavier López Facal. |
| 260 |
_aMadrid : _bInstituto Antonio de Nebrija, _c1974. |
||
| 300 |
_a321 p. ; : _bil. ; _c25 cm. |
||
| 490 | 1 |
_aManuales y anejos de Emerita _v29 |
|
| 710 | 2 |
_aInstituto Antonio de Nebrija _968862 |
|
| 830 | 0 |
_aManuales y anejos de Emerita _v29 _963832 |
|
| 999 |
_c41434 _d41434 |
||